000 00292nam a22001337a 4500
008 170816b xxu||||| |||| 00| 0 eng d
020 _a9780136007036
041 _aeng
080 _25 ED
_a51
100 _a36
101 _aMAT
245 _aBEGINNING ALGEBRA
_cGAY.E.M
942 _2udc
_cBK
999 _c23654
_d23654